Football : les clubs français qui ont joué en coupe d'Europe - Statistiques

Statistiques générales
  • Ce quiz a été pris 513 fois
  • Le résultat moyen est 25 sur 37
Statistiques - réponses
Nombre de participations Dernière participation Club % Correct
32 2023-24 PSG
100%
17 2023-24 LOSC
98%
41 2023-24 OM
98%
40 2021-22 OL
97%
0 bientôt 1 2024-25 Brest
95%
36 2022-23 As Monaco
94%
36 2018-19 Girondins de Bordeaux
94%
12 2023-24 Stade Rennais
94%
14 2022-23 OGC Nice
93%
16 2023-24 RC Lens
93%
22 2019-20 AS Saint-Étienne
91%
22 2022-23 FC Nantes
91%
6 2023-24 Toulouse FC
89%
1 1966-67 Toulouse FC 1937-1967
89%
11 2019-2020 Strasbourg
87%
18 2010-11 AJ Auxerre
85%
5 2020-21 Stade de Reims
85%
6 2012-13 Montpellier
84%
9 1999-2000 FC Metz
75%
1 2002-03 FC Lorient
72%
9 2012-2013 Sochaux
67%
1 1972-73 Angers
66%
4 1997-98 SC Bastia
66%
3 2009-10 AS Nancy Lorraine
64%
3 2014-15 En Avant Guingamp
60%
1 1992-93 SM Caen
60%
3 1996-97 Nîmes Olympique
55%
1 2001-02 ESTAC de Troyes
52%
3 2001-02 Sedan
47%
2 1994-95 AS Cannes
40%
1 1969-70 FC Rouen
35%
1 1983-84 Stade Lavallois
34%
1 2000-01 Gueugnon
26%
1 2004-05 Berrichonne Châteauroux
24%
1 1963-64 Racing CF
21%
2 1965-66 Stade Français
8%
1 1970-71 Angoulême
6%
Aucun quiz correspondant
Distribution des résultats
% des personnes avec chaque résultat
Percentile par nombre de réponses
Votre historique - résultats
Vous n’avez pas pris ce quiz